000 00716cam a2200265 4500
001 X103663
008 000000n1999 000 0 eng u
035 _a(Sirsi) u103663
245 _aFocus '99: Yorkshire industrial and distribution
260 _c1999
490 _aEstates Gazette
_v22 May 1999, 93-119(11)
650 _aPROPERTY-COMMERCIAL PROPERTY-COMMERCIAL PROPERTY MARKET
650 _aYORKSHIRE
650 _aINDUSTRIAL MARKET
650 _aDISTRIBUTION MARKET
650 _aLEEDS
650 _aUNITARY DEVELOPMENT PLANS
650 _aWEST YORKSHIRE
650 _aSHEFFIELD
650 _aDONCASTER
650 _aSOUTH YORKSHIRE
650 _aHULL
650 _aHUMBERSIDE
942 _n0
999 _c62246
_d62246